Estadísticas para Conjugación de Tener

Haz click aquí para intentar la prueba.

Estadísticas generales

  • Esta prueba ha sido intentada 122 veces
  • La puntuación promedio es 36 de 42

Estadísticas de respuestas

TensoSujetoConjugación% Correcto
Presente de IndicativoYoTengo
100%
Presente de IndicativoÉlTiene
100%
Presente de IndicativoEllosTienen
100%
Presente de IndicativoTienes
99%
Presente de IndicativoVosotrosTenéis
98%
Presente de IndicativoNosotrosTenemos
98%
FuturoYoTendré
97%
PretéritoYoTuve
96%
FuturoÉlTendrá
95%
FuturoNosotrosTendremos
95%
PretéritoEllosTuvieron
93%
PretéritoTuviste
93%
FuturoEllosTendrán
92%
PretéritoNosotrosTuvimos
92%
PretéritoÉlTuvo
92%
FuturoTendrás
91%
FuturoVosotrosTendréis
91%
CondicionalÉlTendría
91%
CondicionalYoTendría
91%
CondicionalNosotrosTendríamos
88%
CondicionalEllosTendrían
86%
CondicionalTendrías
86%
Pretérito ImperfectoÉlTenía
86%
Pretérito ImperfectoYoTenía
86%
Pretérito ImperfectoNosotrosTeníamos
86%
CondicionalVosotrosTendríais
85%
Pretérito ImperfectoEllosTenían
85%
Pretérito ImperfectoTenías
85%
PretéritoVosotrosTuvisteis
85%
Pretérito ImperfectoVosotrosTeníais
83%
Imperfecto de SubjuntivoYoTuviera
77%
Imperfecto de SubjuntivoÉlTuviera
77%
Presente de SubjuntivoYoTenga
73%
Presente de SubjuntivoÉlTenga
73%
Imperfecto de SubjuntivoNosotrosTuviéramos
73%
Imperfecto de SubjuntivoEllosTuvieran
73%
Presente de SubjuntivoVosotrosTengáis
72%
Presente de SubjuntivoNosotrosTengamos
72%
Presente de SubjuntivoEllosTengan
71%
Presente de SubjuntivoTengas
71%
Imperfecto de SubjuntivoVosotrosTuvierais
70%
Imperfecto de SubjuntivoTuvieras
70%

Distribución de puntuación

Porcentaje por número respondido

Porcentaje de gente con cada puntuación

Historial de tus puntuaciones

No has intentado esta prueba.